[Event "RA-2023-0-00721"]
[Site "LSS email"]
[Date "2023.04.06"]
[Round "?"]
[White "Schleef, Harald"]
[Black "Monteverde, Italo"]
[Result "1/2-1/2"]
[WhiteElo "2109"]
[BlackElo "2162"]
[PlyCount "118"]
[EventDate "2022.12.16"]
[EventType "tourn (corr)"]
[EventRounds "6"]
[EventCountry "GER"]
[SourceTitle "Corr 2024"]
[Source "ChessBase"]
[SourceDate "2023.10.19"]
[SourceVersion "1"]
[SourceVersionDate "2023.10.19"]
[SourceQuality "1"]

1. e4 e5 2. Nf3 Nc6 3. Bb5 Nf6 4. d3 Bc5 5. Bxc6 dxc6 6. h3 Be6 7. Qe2 Nd7 8. Be3 Qe7 9. Bxc5 Qxc5 10. Nc3 f6 11. a3 0-0-0 12. 0-0-0 Nb6 13. Qe3 Qxe3+ 14. fxe3 h5 15. Nh4 Kb8 16. b3 c5 17. a4 a5 18. Nf5 Rh7 19. h4 Kc8 20. Rhf1 c6 21. Rf2 Kd7 22. Rdf1 Rf8 23. Nd1 Kc7 24. Nc3 Nc8 25. Nb1 Rd8 26. Nc3 Nd6 27. Rf3 Rg8 28. Nb1 Nf7 29. Nd2 b6 30. Kb2 Nh6 31. Nxh6 Rxh6 32. g3 Rg6 33. Kc3 b5 34. Ra1 Ra8 35. Kb2 Kd6 36. Kc3 Ke7 37. Rg1 Rg4 38. Rff1 Rg8 39. Nf3 bxa4 40. bxa4 Rb8 41. Nd2 Rb4 42. Nb3 Bxb3 43. cxb3 c4 44. bxc4 Rxa4 45. Rb1 Kd6 46. Rb8 Ra2 47. Ra8 a4 48. Ra5 Ra3+ 49. Kc2 f5 50. exf5 e4 51. Rd1 Ke7 52. Re5+ Kf6 53. Rxe4 Rxg3 54. Re6+ Kxf5 55. Rxc6 Rg2+ 56. Kb1 Rb3+ 57. Ka1 Re2 58. Rf1+ Ke5 59. Rc5+ Kd6 1/2-1/2

[Event "RA-2023-0-00721"]
[Site "LSS email"]
[Date "2023.04.03"]
[Round "?"]
[White "Csernus, Robert"]
[Black "Monteverde, Italo"]
[Result "1/2-1/2"]
[WhiteElo "2038"]
[BlackElo "2162"]
[PlyCount "66"]
[EventDate "2022.12.16"]
[EventType "tourn (corr)"]
[EventRounds "6"]
[EventCountry "GER"]
[SourceTitle "Corr 2024"]
[Source "ChessBase"]
[SourceDate "2023.10.19"]
[SourceVersion "1"]
[SourceVersionDate "2023.10.19"]
[SourceQuality "1"]

1. e4 e5 2. Nf3 Nc6 3. Bb5 Nf6 4. 0-0 Nxe4 5. Re1 Nd6 6. Nxe5 Be7 7. Bf1 Nxe5 8. Rxe5 0-0 9. d4 Bf6 10. Re1 Re8 11. c3 Rxe1 12. Qxe1 Ne8 13. Bf4 d5 14. Bd3 g6 15. Nd2 Ng7 16. Nf3 Bf5 17. Bxf5 Nxf5 18. Qd2 Ng7 19. Re1 c6 20. g3 Qd7 21. Be5 Bxe5 22. Nxe5 Qf5 23. g4 Qf6 24. Re3 Qh4 25. Rf3 Ne6 26. Rxf7 Ng5 27. Rxb7 Rf8 28. f4 Nh3+ 29. Kh1 Rxf4 30. Rb8+ Kg7 31. Rb7+ Kf8 32. Qe2 Nf2+ 33. Kg1 Nh3+ 1/2-1/2

[Event "OP-2022-0-05352"]
[Site "LSS email"]
[Date "2022.11.08"]
[Round "?"]
[White "Obukhov, Gennady"]
[Black "Monteverde, Italo"]
[Result "1/2-1/2"]
[WhiteElo "1887"]
[BlackElo "2167"]
[PlyCount "45"]
[EventDate "2022.11.06"]
[EventType "tourn (corr)"]
[EventRounds "4"]
[EventCountry "GER"]
[SourceTitle "Corr 2024"]
[Source "ChessBase"]
[SourceDate "2023.10.19"]
[SourceVersion "1"]
[SourceVersionDate "2023.10.19"]
[SourceQuality "1"]

1. e4 e5 2. Nf3 Nc6 3. d4 exd4 4. Nxd4 Nf6 5. Nxc6 bxc6 6. e5 Qe7 7. Qe2 Nd5 8. c4 Nb6 9. Nc3 Qe6 10. Qe4 d5 11. exd6 Qxe4+ 12. Nxe4 cxd6 13. b3 d5 14. cxd5 Nxd5 15. Bc4 Bf5 16. Ng3 Bb4+ 17. Bd2 Bxd2+ 18. Kxd2 Be6 19. Rhd1 0-0-0 20. Ke1 Kc7 21. Bxd5 Rxd5 22. Rxd5 Bxd5 23. f3 1/2-1/2

[Event "SM-2022-0-00489"]
[Site "LSS email"]
[Date "2022.11.04"]
[Round "?"]
[White "Monteverde, Italo"]
[Black "Chronopoulos, Antonios"]
[Result "1/2-1/2"]
[WhiteElo "2167"]
[BlackElo "2244"]
[PlyCount "30"]
[EventDate "2022.10.05"]
[EventType "tourn (corr)"]
[EventRounds "6"]
[EventCountry "GER"]
[SourceTitle "Corr 2024"]
[Source "ChessBase"]
[SourceDate "2023.10.19"]
[SourceVersion "1"]
[SourceVersionDate "2023.10.19"]
[SourceQuality "1"]

1. d4 d5 2. c4 e6 3. Nf3 Nf6 4. Nc3 Be7 5. Bf4 0-0 6. e3 b6 7. Be2 Ba6 8. cxd5 Nxd5 9. Nxd5 Qxd5 10. Bxc7 Qa5+ 11. Kf1 Nd7 12. Bg3 Rac8 13. Kg1 Bxe2 14. Qxe2 Rc6 15. h3 Rfc8 1/2-1/2

[Event "RA-2019-0-00616"]
[Site "LSS email"]
[Date "2019.02.23"]
[Round "?"]
[White "Monteverde, Italo"]
[Black "Morcin, Tom"]
[Result "1/2-1/2"]
[WhiteElo "2145"]
[BlackElo "2203"]
[PlyCount "99"]
[EventDate "2019.01.04"]
[EventType "tourn (corr)"]
[EventRounds "6"]
[EventCountry "GER"]
[SourceTitle "Corr 2022"]
[Source "ChessBase"]
[SourceDate "2021.10.24"]
[SourceVersion "1"]
[SourceVersionDate "2021.10.24"]
[SourceQuality "1"]

1. d4 Nf6 2. c4 e6 3. Nc3 d5 4. cxd5 exd5 5. Bg5 c6 6. Qc2 Be7 7. e3 Nbd7 8. Nf3 h6 9. Bh4 0-0 10. Bd3 Re8 11. 0-0 Ne4 12. Bxe4 Bxh4 13. Bh7+ Kh8 14. Nxh4 Qxh4 15. Bd3 Qe7 16. Rab1 Nb6 17. Ne2 Bd7 18. b4 Be6 19. b5 Rac8 20. Qc5 cxb5 21. Qxb5 Rc7 22. a4 Kg8 23. h3 Nc4 24. Rfc1 a6 25. Qb4 Qd7 26. Bxc4 dxc4 27. a5 Bd5 28. Qc3 Be4 29. Rb2 Qd8 30. Nf4 Qg5 31. Rd2 Rd8 32. Kh2 Bc6 33. Qa3 Bd5 34. Rdc2 Rdc8 35. Qb4 Qd8 36. Rb2 h5 37. f3 h4 38. Qc3 Rd7 39. Ne2 f5 40. Nf4 Qc7 41. Kh1 Bf7 42. Rcb1 Qb8 43. Rb6 Re8 44. Ng6 Bxg6 45. Rxg6 Qc7 46. Rg5 Rde7 47. Re1 Rf7 48. Rg6 Kh7 49. Rb6 Rfe7 50. Re2 1/2-1/2

[Event "RA-2019-0-00616"]
[Site "LSS email"]
[Date "2019.02.23"]
[Round "?"]
[White "Pilgram, Kurt"]
[Black "Monteverde, Italo"]
[Result "1/2-1/2"]
[WhiteElo "2142"]
[BlackElo "2145"]
[PlyCount "52"]
[EventDate "2019.01.04"]
[EventType "tourn (corr)"]
[EventRounds "6"]
[EventCountry "GER"]
[SourceTitle "Corr 2022"]
[Source "ChessBase"]
[SourceDate "2021.10.24"]
[SourceVersion "1"]
[SourceVersionDate "2021.10.24"]
[SourceQuality "1"]

1. e4 e5 2. Nf3 Nf6 3. Nxe5 d6 4. Nf3 Nxe4 5. d4 d5 6. Bd3 Nc6 7. 0-0 Be7 8. Nbd2 Nd6 9. c3 Bf5 10. Be2 0-0 11. Re1 a6 12. Nf1 Ne4 13. Bd3 Bg6 14. h3 Re8 15. Bf4 Bd6 16. Bxd6 Qxd6 17. Qc2 Re7 18. Re3 Rae8 19. Rae1 Nd8 20. Nh4 Nf6 21. Bxg6 hxg6 22. Rxe7 Rxe7 23. Ne3 Qd7 24. Nf3 c6 25. Qd1 Ne4 26. Ne5 Qe8 1/2-1/2

[Event "RA-2019-0-00616"]
[Site "LSS email"]
[Date "2019.02.22"]
[Round "?"]
[White "Monteverde, Italo"]
[Black "Vaassen, Jack M"]
[Result "1-0"]
[WhiteElo "2145"]
[BlackElo "2101"]
[PlyCount "145"]
[EventDate "2019.01.04"]
[EventType "tourn (corr)"]
[EventRounds "6"]
[EventCountry "GER"]
[SourceTitle "Corr 2022"]
[Source "ChessBase"]
[SourceDate "2021.10.24"]
[SourceVersion "1"]
[SourceVersionDate "2021.10.24"]
[SourceQuality "1"]

1. d4 d5 2. c4 c6 3. Nf3 Nf6 4. e3 Bg4 5. h3 Bh5 6. Nbd2 e6 7. g4 Bg6 8. Ne5 Nbd7 9. Nxg6 hxg6 10. Bg2 g5 11. 0-0 Bd6 12. Re1 Nf8 13. Qb3 Qb6 14. e4 Qxb3 15. axb3 dxe4 16. Nxe4 Nxe4 17. Rxe4 f6 18. c5 Bc7 19. b4 a6 20. b5 cxb5 21. Bd2 Kf7 22. Ree1 Rd8 23. Bxb7 Rxh3 24. Rxa6 Rxd4 25. Bg2 Rh4 26. Be3 Ra4 27. Ra1 Rhxg4 28. b3 Rxa6 29. Rxa6 Ke7 30. Ra7 Kd7 31. f3 Rxg2+ 32. Kxg2 Ng6 33. Ra8 Ne7 34. Kf2 Kc6 35. Ke2 Kd5 36. Rf8 Bf4 37. Rd8+ Kc6 38. Bd4 Nf5 39. Bf2 Be5 40. Re8 Kd5 41. b4 Bc3 42. Rd8+ Kc6 43. Be1 Be5 44. Bd2 Nd4+ 45. Ke3 Nf5+ 46. Ke4 Nh4 47. Ra8 Bc7 48. Ra6+ Kd7 49. Ke3 Bf4+ 50. Kf2 Nf5 51. Ke1 Bb8 52. Ke2 Ne7 53. Ra8 Be5 54. Ra7+ Bc7 55. Ra8 Be5 56. Ra7+ Bc7 57. Be1 Kc6 58. Bg3 Nd5 59. Bxc7 Nxc7 60. Kd3 Nd5 61. Ra6+ Kd7 62. Rd6+ Ke7 63. Ke4 g6 64. Rc6 Kd7 65. Ra6 Nxb4 66. Rd6+ Ke7 67. Rb6 Kd7 68. Rxb5 f5+ 69. Ke5 Nc6+ 70. Kf6 Kc7 71. Kxg5 Nd4 72. Rb6 e5 73. Kf6 1-0

[Event "RA-2019-0-00613"]
[Site "LSS email"]
[Date "2019.01.26"]
[Round "?"]
[White "Monteverde, Italo"]
[Black "Podvoysky, Evgeny"]
[Result "1/2-1/2"]
[WhiteElo "2125"]
[BlackElo "2312"]
[PlyCount "41"]
[EventDate "2018.12.18"]
[EventType "tourn (corr)"]
[EventRounds "6"]
[EventCountry "GER"]
[SourceTitle "Corr 2022"]
[Source "ChessBase"]
[SourceDate "2021.10.24"]
[SourceVersion "1"]
[SourceVersionDate "2021.10.24"]
[SourceQuality "1"]

1. d4 d5 2. c4 c6 3. Nf3 Nf6 4. e3 e6 5. Bd3 dxc4 6. Bxc4 Nbd7 7. Nbd2 a6 8. a4 c5 9. 0-0 b6 10. e4 Be7 11. b3 0-0 12. Bb2 Bb7 13. Qe2 Re8 14. Rfd1 cxd4 15. Bxd4 Bc5 16. Bxc5 Nxc5 17. b4 Nxa4 18. Rxa4 b5 19. Ra3 bxc4 20. Nxc4 Qc7 21. Nd6 1/2-1/2

[Event "RA-2019-0-00613"]
[Site "LSS email"]
[Date "2019.01.26"]
[Round "?"]
[White "Monteverde, Italo"]
[Black "Robertson, Gavin"]
[Result "1/2-1/2"]
[WhiteElo "2125"]
[BlackElo "2336"]
[PlyCount "32"]
[EventDate "2018.12.18"]
[EventType "tourn (corr)"]
[EventRounds "6"]
[EventCountry "GER"]
[SourceTitle "Corr 2022"]
[Source "ChessBase"]
[SourceDate "2021.10.24"]
[SourceVersion "1"]
[SourceVersionDate "2021.10.24"]
[SourceQuality "1"]

1. d4 Nf6 2. c4 e6 3. Nc3 Bb4 4. e3 0-0 5. Nge2 d5 6. a3 Be7 7. cxd5 exd5 8. Nf4 c6 9. Bd3 Re8 10. 0-0 Nbd7 11. f3 Nf8 12. Bd2 Bd6 13. Nfe2 a6 14. Rc1 Ng6 15. Na4 a5 16. Qc2 Bd7 1/2-1/2

[Event "RA-2019-0-00613"]
[Site "LSS email"]
[Date "2019.01.26"]
[Round "?"]
[White "Ploscaru, Stelian"]
[Black "Monteverde, Italo"]
[Result "1/2-1/2"]
[WhiteElo "2152"]
[BlackElo "2125"]
[PlyCount "123"]
[EventDate "2018.12.18"]
[EventType "tourn (corr)"]
[EventRounds "6"]
[EventCountry "GER"]
[SourceTitle "Corr 2022"]
[Source "ChessBase"]
[SourceDate "2021.10.24"]
[SourceVersion "1"]
[SourceVersionDate "2021.10.24"]
[SourceQuality "1"]

1. e4 e5 2. Nf3 Nc6 3. Bb5 g6 4. c3 Nge7 5. 0-0 a6 6. Ba4 Bg7 7. d4 exd4 8. cxd4 0-0 9. d5 Na5 10. Nc3 d6 11. Bc2 b5 12. Re1 Re8 13. Rb1 Nc4 14. Bd3 Bg4 15. Bxc4 bxc4 16. h3 Bxf3 17. Qxf3 Nc8 18. Be3 Nb6 19. Red1 Be5 20. Bd4 Qg5 21. Qg4 Qf6 22. Bxe5 Rxe5 23. Qg3 Qg7 24. f4 Ree8 25. Qf3 Rab8 26. Rd2 Re7 27. Rbd1 Rd8 28. Qf2 f6 29. Re2 Rde8 30. Kh1 Qh6 31. Rf1 Qg7 32. Rfe1 Qh6 33. Kg1 Nd7 34. Rf1 Rg7 35. Re3 g5 36. Ne2 Nc5 37. Qf3 gxf4 38. Nxf4 Re5 39. Kh2 Rge7 40. Rfe1 a5 41. g4 Kf7 42. Nh5 Re8 43. R3e2 Qg6 44. Ng3 a4 45. h4 h6 46. Rf1 R8e7 47. Qf4 Nd3 48. Qf3 Nc5 49. Rfe1 Kg8 50. Kg2 Rg7 51. Kh3 Rge7 52. Re3 Nd3 53. Rd1 Re8 54. Re2 R5e7 55. Rxd3 cxd3 56. Qxd3 Rg7 57. Qf3 Kh8 58. Nf5 Rf7 59. Rg2 Rh7 60. Rg1 Rd7 61. Rg3 Rh7 62. Rg2 1/2-1/2

[Event "SA-2019-0-00666"]
[Site "LSS email"]
[Date "2019.01.25"]
[Round "?"]
[White "Monteverde, Italo"]
[Black "Kubasky, Alojz"]
[Result "1/2-1/2"]
[WhiteElo "2145"]
[BlackElo "2171"]
[PlyCount "41"]
[EventDate "2019.01.05"]
[EventType "tourn (corr)"]
[EventRounds "6"]
[EventCountry "GER"]
[SourceTitle "Corr 2022"]
[Source "ChessBase"]
[SourceDate "2021.10.24"]
[SourceVersion "1"]
[SourceVersionDate "2021.10.24"]
[SourceQuality "1"]

1. d4 Nf6 2. c4 g6 3. Nc3 d5 4. Bf4 Bg7 5. e3 0-0 6. Nxd5 Nxd5 7. cxd5 Qxd5 8. Bxc7 Na6 9. Bxa6 Qxg2 10. Qf3 Qxf3 11. Nxf3 bxa6 12. Rc1 f6 13. b3 e5 14. d5 Rf7 15. d6 Bf8 16. Nd2 Bb7 17. Rg1 Rd7 18. Nc4 Bf3 19. Rg3 Bd5 20. Rd1 Bc6 21. f3 1/2-1/2

[Event "SA-2019-0-00663"]
[Site "LSS email"]
[Date "2019.01.10"]
[Round "?"]
[White "Monteverde, Italo"]
[Black "Muniz Pardino, Alberto"]
[Result "0-1"]
[WhiteElo "2125"]
[BlackElo "2278"]
[PlyCount "88"]
[EventDate "2018.12.10"]
[EventType "tourn (corr)"]
[EventRounds "6"]
[EventCountry "GER"]
[SourceTitle "Corr 2022"]
[Source "ChessBase"]
[SourceDate "2021.10.24"]
[SourceVersion "1"]
[SourceVersionDate "2021.10.24"]
[SourceQuality "1"]

1. d4 d5 2. Nf3 Nf6 3. a3 e6 4. Bf4 Bd6 5. Bxd6 cxd6 6. e3 Qb6 7. b3 Nc6 8. c4 dxc4 9. Bxc4 0-0 10. 0-0 Bd7 11. Nbd2 Rac8 12. Bd3 h6 13. Rc1 Ne7 14. Nc4 Qc7 15. b4 Qb8 16. Qc2 b5 17. Qb3 bxc4 18. Bxc4 Bb5 19. Nd2 Bxc4 20. Nxc4 Rc6 21. Rc2 d5 22. Nb2 Rxc2 23. Qxc2 Rc8 24. Qd3 a5 25. Na4 axb4 26. axb4 Qxb4 27. Nc5 Ra8 28. Qb1 Qxb1 29. Rxb1 g5 30. h3 Ne4 31. Nd3 Ra3 32. Nb4 Kg7 33. Rb2 Ra1+ 34. Kh2 Rd1 35. Na2 Nf5 36. g3 h5 37. Kg2 Kg6 38. Nb4 g4 39. h4 Nd2 40. Nd3 Kh6 41. Nc1 Nf3 42. Ne2 Re1 43. Rc2 Nd6 44. Ra2 Ne4 0-1

[Event "SA-2019-0-00662"]
[Site "LSS email"]
[Date "2019.01.06"]
[Round "?"]
[White "Monteverde, Italo"]
[Black "Rheinstaedtler, Klaus"]
[Result "1/2-1/2"]
[WhiteElo "2125"]
[BlackElo "2218"]
[PlyCount "52"]
[EventDate "2018.11.27"]
[EventType "tourn (corr)"]
[EventRounds "6"]
[EventCountry "GER"]
[SourceTitle "Corr 2022"]
[Source "ChessBase"]
[SourceDate "2021.10.24"]
[SourceVersion "1"]
[SourceVersionDate "2021.10.24"]
[SourceQuality "1"]

1. d4 d5 2. Nf3 Nf6 3. g3 c6 4. Bg2 Bf5 5. c4 e6 6. 0-0 Nbd7 7. Qb3 Qb6 8. c5 Qxb3 9. axb3 h6 10. b4 a6 11. Nc3 0-0-0 12. Rd1 Be7 13. Re1 Rhg8 14. Be3 g5 15. Rad1 Ne8 16. Ne5 Nxe5 17. dxe5 Nc7 18. h3 Bg6 19. Bd4 h5 20. e3 Rdf8 21. f4 Kd7 22. Kh2 Rh8 23. Ra1 Ra8 24. Na4 Ke8 25. Nc3 Kd7 26. Ra3 h4 1/2-1/2

[Event "SA-2018-0-00659"]
[Site "LSS email"]
[Date "2018.12.11"]
[Round "?"]
[White "Misericordia, Antonio"]
[Black "Monteverde, Italo"]
[Result "1/2-1/2"]
[WhiteElo "2377"]
[BlackElo "2123"]
[PlyCount "85"]
[EventDate "2018.10.31"]
[EventType "tourn (corr)"]
[EventRounds "6"]
[EventCountry "GER"]
[SourceTitle "Corr 2022"]
[Source "ChessBase"]
[SourceDate "2021.10.24"]
[SourceVersion "1"]
[SourceVersionDate "2021.10.24"]
[SourceQuality "1"]

1. e4 c6 2. d4 d5 3. Nc3 dxe4 4. Nxe4 Nd7 5. c3 Ngf6 6. Nxf6+ Nxf6 7. Bc4 Qc7 8. Qf3 Bg4 9. Qg3 Qxg3 10. hxg3 e6 11. f3 Bf5 12. g4 Bg6 13. Ne2 Nd5 14. Nf4 Nxf4 15. Bxf4 Kd7 16. Kd2 Bd6 17. Bxd6 Kxd6 18. Rae1 Rhc8 19. b4 a5 20. Bb3 b6 21. Re3 axb4 22. cxb4 c5 23. dxc5+ bxc5 24. bxc5+ Rxc5 25. Rc3 Rd8 26. Rxc5 Kxc5+ 27. Ke3 Rd3+ 28. Ke2 Kd4 29. Rc1 Rc3 30. Rxc3 Kxc3 31. g5 Bd3+ 32. Ke3 Bb1 33. Kf4 Kd4 34. a4 Bg6 35. a5 Bd3 36. g4 Bb5 37. Bc2 e5+ 38. Kg3 Kc3 39. Bxh7 Kb4 40. f4 exf4+ 41. Kxf4 Kxa5 42. Bg8 f6 43. gxf6 1/2-1/2

[Event "SA-2018-0-00659"]
[Site "LSS email"]
[Date "2018.12.09"]
[Round "?"]
[White "Susla, Vitaliy"]
[Black "Monteverde, Italo"]
[Result "1/2-1/2"]
[WhiteElo "2322"]
[BlackElo "2123"]
[PlyCount "127"]
[EventDate "2018.10.31"]
[EventType "tourn (corr)"]
[EventRounds "6"]
[EventCountry "GER"]
[SourceTitle "Corr 2022"]
[Source "ChessBase"]
[SourceDate "2021.10.24"]
[SourceVersion "1"]
[SourceVersionDate "2021.10.24"]
[SourceQuality "1"]

1. d4 d5 2. c4 c6 3. Nf3 Nf6 4. e3 e6 5. Nc3 Nbd7 6. Qc2 Bd6 7. Bd3 0-0 8. 0-0 dxc4 9. Bxc4 a6 10. Rd1 b5 11. Bd3 Bb7 12. Ng5 h6 13. Nge4 Bc7 14. a3 Qe7 15. b4 a5 16. bxa5 Rfe8 17. a6 Rxa6 18. Bb2 Raa8 19. Rac1 Nd5 20. Na2 Red8 21. h3 Ra4 22. g3 Raa8 23. Bf1 Ba5 24. Qb3 N5f6 25. Nac3 Bxc3 26. Nxf6+ Nxf6 27. Qxc3 Ne4 28. Qc2 f5 29. Bg2 Qf7 30. Qb3 Qe8 31. h4 Qe7 32. Bf1 Qd6 33. Bg2 Qe7 34. Rc2 Ra4 35. Qd3 Nd6 36. Rc5 Nc4 37. Qc2 Qf7 38. Bf3 Ra6 39. Bg2 Ra4 40. Qb3 Qe7 41. Rd3 Qd6 42. Bc1 Kh8 43. Rc3 Rda8 44. Kh2 R8a7 45. Qd1 Ra8 46. Kg1 Kg8 47. Qd3 Kh8 48. g4 Rd8 49. f4 Qe7 50. gxf5 Qxh4 51. fxe6 Bc8 52. Qe2 Bxe6 53. Bxc6 Rc8 54. Bg2 Rxc5 55. dxc5 Bh3 56. e4 Bxg2 57. Kxg2 Ra6 58. f5 Qe7 59. Bf4 Qxc5 60. e5 Qd4 61. Rf3 Rxa3 62. Rxa3 Qxf4 63. Rb3 Nxe5 64. Qxb5 1/2-1/2

[Event "RA-2018-0-00606"]
[Site "LSS email"]
[Date "2018.11.23"]
[Round "?"]
[White "Monteverde, Italo"]
[Black "Muniz Pardino, Alberto"]
[Result "1/2-1/2"]
[WhiteElo "2123"]
[BlackElo "2261"]
[PlyCount "52"]
[EventDate "2018.10.21"]
[EventType "tourn (corr)"]
[EventRounds "6"]
[EventCountry "GER"]
[SourceTitle "Corr 2022"]
[Source "ChessBase"]
[SourceDate "2021.10.24"]
[SourceVersion "1"]
[SourceVersionDate "2021.10.24"]
[SourceQuality "1"]

1. d4 d5 2. Nf3 Nf6 3. g3 e6 4. Bg2 Be7 5. 0-0 0-0 6. c4 dxc4 7. Qc2 a6 8. a4 Bd7 9. Qxc4 Bc6 10. Bg5 Bd5 11. Qc1 Nc6 12. Nbd2 Bb4 13. e4 Bxd2 14. Nxd2 Nxd4 15. Qd1 Bc6 16. Nc4 Qd7 17. f3 Rfd8 18. Be3 b6 19. Rf2 Bxa4 20. Qxa4 b5 21. Qa2 bxc4 22. Qxc4 c5 23. Ra5 Nb5 24. Bf1 Qc7 25. b4 cxb4 26. Qxb4 Qc6 1/2-1/2

[Event "RA-2018-0-00606"]
[Site "LSS email"]
[Date "2018.11.23"]
[Round "?"]
[White "Susla, Vitaliy"]
[Black "Monteverde, Italo"]
[Result "1-0"]
[WhiteElo "2325"]
[BlackElo "2123"]
[PlyCount "153"]
[EventDate "2018.10.21"]
[EventType "tourn (corr)"]
[EventRounds "6"]
[EventCountry "GER"]
[SourceTitle "Corr 2022"]
[Source "ChessBase"]
[SourceDate "2021.10.24"]
[SourceVersion "1"]
[SourceVersionDate "2021.10.24"]
[SourceQuality "1"]

1. e4 c6 2. d4 d5 3. e5 c5 4. Nf3 cxd4 5. Nxd4 Nc6 6. Nxc6 bxc6 7. Bd3 e6 8. 0-0 Ne7 9. Be3 Ng6 10. f4 Be7 11. Nc3 Bd7 12. Qh5 Qc7 13. b3 c5 14. Rae1 0-0 15. Rf3 d4 16. Rh3 h6 17. f5 Qxe5 18. Bf2 Qf6 19. fxg6 fxg6 20. Qe2 dxc3 21. Bc4 Kh7 22. Rf3 Qg5 23. Rxc3 e5 24. h4 Qg4 25. Qxg4 Bxg4 26. Bd3 Bd8 27. Bxc5 Bxh4 28. Re4 Rf4 29. Rcc4 Bg3 30. Be3 Rxe4 31. Bxe4 Rd8 32. Bxg6+ Kg8 33. Bd3 Bf5 34. Be2 a5 35. Bb6 Rd2 36. Kf1 a4 37. bxa4 Rxc2 38. Rxc2 Bxc2 39. a5 Be4 40. Bf2 Bf4 41. Bc5 Bd5 42. a6 Kf7 43. Kf2 e4 44. a4 Ke6 45. Bg4+ Ke5 46. Bc8 Bc6 47. Be3 g5 48. Bb7 Kd6 49. Bxc6 Kxc6 50. g4 Kc7 51. Ke2 Be5 52. Ba7 Bh2 53. Kd2 Kc6 54. Kc3 Kd5 55. Bd4 Kc6 56. Kc4 Bf4 57. Bc5 Bg3 58. a7 Kb7 59. Kd5 e3 60. Bxe3 Bh2 61. Ke4 Bd6 62. Kf5 Ba3 63. Kg6 Bf8 64. Kf7 Bd6 65. Bd4 Bb4 66. Kg7 Bd2 67. Kxh6 Ka8 68. Kg6 Kb7 69. Kf5 Ka8 70. Bf6 Kxa7 71. Bxg5 Bb4 72. Be3+ Ka6 73. g5 Bc3 74. Ke6 Ka5 75. g6 Kxa4 76. Bg5 Bg7 77. Kf7 1-0

[Event "OP-2018-0-04623"]
[Site "LSS email"]
[Date "2018.07.21"]
[Round "?"]
[White "Monteverde, Italo"]
[Black "Billio, Maria"]
[Result "1-0"]
[WhiteElo "2094"]
[BlackElo "2046"]
[PlyCount "89"]
[EventDate "2018.07.12"]
[EventType "tourn (corr)"]
[EventRounds "4"]
[EventCountry "GER"]
[SourceTitle "Corr 2022"]
[Source "ChessBase"]
[SourceDate "2021.10.24"]
[SourceVersion "1"]
[SourceVersionDate "2021.10.24"]
[SourceQuality "1"]

1. d4 d5 2. Nf3 Nf6 3. g3 b6 4. Bg2 Bb7 5. 0-0 Nbd7 6. Ne5 c5 7. c4 e6 8. Bg5 Be7 9. Qa4 0-0 10. Nxd7 Nxd7 11. Bxe7 Qxe7 12. cxd5 cxd4 13. d6 Qd8 14. Qxd4 Bxg2 15. Kxg2 Qf6 16. Rd1 Qxd4 17. Rxd4 a6 18. Nc3 Rac8 19. Rad1 e5 20. Ra4 a5 21. Nd5 Rc2 22. Ne7+ Kh8 23. b4 axb4 24. Ra7 Rd8 25. Rc7 Rxa2 26. Nc6 Raa8 27. Nxb4 g5 28. Nc6 Kg7 29. Nxd8 Rxd8 30. g4 Kf6 31. f3 Ke6 32. e4 Ra8 33. Kg3 Ra4 34. Rd5 Ra8 35. h4 gxh4+ 36. Kxh4 Rb8 37. Rc4 Rd8 38. Rc6 Rh8 39. Rd1 b5 40. Rc2 Rb8 41. Rb2 b4 42. Rdb1 Rb6 43. Rxb4 Rxd6 44. Rc1 f6 45. Rb7 1-0

[Event "OP-2018-0-04623"]
[Site "LSS email"]
[Date "2018.07.21"]
[Round "?"]
[White "Sirotkin, Evgenji"]
[Black "Monteverde, Italo"]
[Result "0-1"]
[WhiteElo "2003"]
[BlackElo "2094"]
[PlyCount "100"]
[EventDate "2018.07.12"]
[EventType "tourn (corr)"]
[EventRounds "4"]
[EventCountry "GER"]
[SourceTitle "Corr 2022"]
[Source "ChessBase"]
[SourceDate "2021.10.24"]
[SourceVersion "1"]
[SourceVersionDate "2021.10.24"]
[SourceQuality "1"]

1. e4 e5 2. Nf3 Nc6 3. Bb5 a6 4. Ba4 Nge7 5. c3 g6 6. d4 exd4 7. cxd4 b5 8. Bc2 d5 9. exd5 Nxd5 10. 0-0 Be6 11. Nc3 Bg7 12. Bg5 Nxc3 13. bxc3 Qd6 14. Nd2 Na5 15. Ne4 Qc6 16. Nc5 0-0 17. Nxe6 Qxe6 18. Re1 Qc4 19. Rc1 Rfe8 20. Be4 Rac8 21. Bf3 Rxe1+ 22. Qxe1 Bf8 23. g3 c6 24. Rd1 Qe6 25. Qxe6 fxe6 26. Bg4 Re8 27. Be2 Nc4 28. Bxc4 bxc4 29. Re1 Bd6 30. Bf6 Kf7 31. Be5 Rd8 32. Bxd6 Rxd6 33. Rb1 e5 34. dxe5 Rd3 35. Rb6 a5 36. Rxc6 Rxc3 37. a4 g5 38. Kg2 g4 39. h4 h5 40. e6+ Ke7 41. Rc5 Kxe6 42. Rxh5 Rf3 43. Rc5 c3 44. h5 Rf5 45. Rxc3 Rxh5 46. Rc6+ Kf7 47. Kf1 Re5 48. Rc4 Rg5 49. Ke2 Ke6 50. Ke3 Kd5 0-1